Jenkins Continuous Integration Cookbook (Record no. 209513)

MARC details
000 -LEADER
fixed length control field 00567nam a2200169Ia 4500
008 - FIXED-LENGTH DATA ELEMENTS--GENERAL INFORMATION
fixed length control field 230714s9999 xx 000 0 und d
020 ## - INTERNATIONAL STANDARD BOOK NUMBER
International Standard Book Number 9790000000000
041 ## - LANGUAGE CODE
Language code of text/sound track or separate title eng
082 ## - DEWEY DECIMAL CLASSIFICATION NUMBER
Classification number 005
Item number BER
100 ## - MAIN ENTRY--PERSONAL NAME
Personal name Berg A.M.
9 (RLIN) 195090
245 ## - TITLE STATEMENT
Title Jenkins Continuous Integration Cookbook
Remainder of title Over 80 Recipes To Maintain, Secure, Commnicate, Test ,Build,And Improve The Software Development Process With Jenkins
260 ## - PUBLICATION, DISTRIBUTION, ETC. (IMPRINT)
Date of publication, distribution, etc. 2013
Name of publisher, distributor, etc. Packt/SPD
300 ## - PHYSICAL DESCRIPTION
Extent 328
365 ## - TRADE PRICE
Currency code Rs.
Price amount 650.00
700 ## - ADDED ENTRY--PERSONAL NAME
Personal name Berg A.M.
9 (RLIN) 195090
906 ## - LOCAL DATA ELEMENT F, LDF (RLIN)
d O:22-Oct-2013B:411117-Sep-2013
c COMP
b 429

No items available.